000 00716nam a2200277Ia 4500
001 33167
005 20240114001637.0
007 ta
008 080101s1998 ii a g b000 u 465 u
040 _aCotton College,Assam
041 _a465
082 _a301
_bSh 11 Cr
100 _aSharma, Rajendra K..
245 0 _aCriminology and Penology /
_cRajendra K.Sharma.
_hTextual Documents
250 _a1st ed. /
260 _aNew Delhi :
_bAtlantic Publishers ,
_c©1998.
300 _av,68p. :
_bill ;
_c22cm .
504 _aBib.
653 _aSociology
653 _aCriminology
653 _aPenology
653 _aG-Sociology
942 _2ddc
_cBK
999 _c33149
_d33149